[Event "July Lviv Tradition (IM-group)"]
[Site "Lviv"]
[Date "2015.07.30"]
[Round "6.2"]
[White "Petrova, Irina"]
[Black "Katashuk, V."]
[Result "1/2-1/2"]
[WhiteElo "2173"]
[BlackElo "2201"]
[PlyCount "80"]
[EventDate "2015.07.27"]

1. d4 f5 2. Nc3 d5 3. Bg5 c6 4. e3 Qb6 5. Rb1 Nd7 6. Bd3 g6 7. h4 h6 8. Bf4 Bg7
9. Nf3 Ngf6 10. Ne5 Nxe5 11. Bxe5 O-O 12. Ne2 Ng4 13. Bxg7 Kxg7 14. Nf4 e5 15.
dxe5 Nxe5 16. h5 g5 17. Ne2 Bd7 18. Qd2 Rad8 19. O-O Ng4 20. c4 Qc7 21. g3 Be6
22. Nd4 Qf7 23. f3 Ne5 24. cxd5 cxd5 25. Bb5 Bd7 26. Bxd7 Qxd7 27. b3 Rc8 28.
Rbc1 Rxc1 29. Rxc1 Qf7 30. Qc3 Kg8 31. Qc7 Nc6 32. Qxf7+ Rxf7 33. Nxc6 Rc7 34.
Rc5 bxc6 35. b4 a6 36. Kf2 Kf7 37. Ke2 Ke6 38. Kd3 Kd6 39. Ra5 Ra7 40. Rc5 Rc7
1/2-1/2

[Event "July Lviv Tradition (IM-group)"]
[Site "Lviv"]
[Date "2015.07.30"]
[Round "6.3"]
[White "Sabuk, Piotr"]
[Black "Mischuk, Dmitry"]
[Result "0-1"]
[WhiteElo "2340"]
[BlackElo "2337"]
[PlyCount "100"]
[EventDate "2015.07.27"]

1. d4 Nf6 2. c4 g6 3. Nf3 Bg7 4. e3 O-O 5. Be2 c5 6. d5 e6 7. Nc3 exd5 8. cxd5
d6 9. O-O Re8 10. Nd2 Nbd7 11. a4 a6 12. h3 Rb8 13. Re1 h6 14. Qc2 g5 15. f4 b5
16. axb5 axb5 17. Bxb5 Nxd5 18. Nxd5 Rxb5 19. Nc4 Nf6 20. Nxf6+ Qxf6 21. Bd2
Bf8 22. Bc3 Qe6 23. Qd3 Qg6 24. e4 gxf4 25. Nxd6 f3 26. Re2 Qxd6 27. Qxb5 Bd7
28. Qc4 fxe2 29. Qxe2 Bg7 30. Ra6 Qg3 31. Bxg7 Qxg7 32. Qd2 Be6 33. Qf2 Qd4 34.
Qxd4 cxd4 35. Rd6 Rb8 36. Rxd4 Rxb2 37. Kh2 Kg7 38. Kg3 Kf6 39. Ra4 Ke5 40. Kf3
Rb3+ 41. Kf2 Kf4 42. g3+ Ke5 43. Ra5+ Kxe4 44. Rh5 Rb2+ 45. Ke1 Ke3 46. Kd1 Rh2
47. g4 Kf4 48. Ke1 Bxg4 49. Rxh6 Ke3 50. Kf1 Bf3 0-1

[Event "July Lviv Tradition (IM-group)"]
[Site "Lviv"]
[Date "2015.07.30"]
[Round "6.4"]
[White "Adamowicz, Katarzyna"]
[Black "Odnorozhenko, Evgenyi"]
[Result "0-1"]
[WhiteElo "2158"]
[BlackElo "2300"]
[PlyCount "82"]
[EventDate "2015.07.27"]

1. e4 e5 2. Nf3 Nc6 3. Bb5 Nge7 4. O-O a6 5. Ba4 d6 6. c3 Bd7 7. d4 Ng6 8. Re1
Be7 9. Nbd2 O-O 10. Nf1 b5 11. Bb3 exd4 12. Nxd4 Na5 13. Bc2 Bg5 14. Ng3 Bxc1
15. Qxc1 Re8 16. f4 Nc6 17. Qd2 Rb8 18. Rf1 a5 19. f5 Nge5 20. f6 Ng4 21. Nh5
g6 22. h3 Re5 23. Nf5 Bxf5 24. hxg4 Bxg4 25. Ng3 Qf8 26. Qf4 h5 27. Rae1 a4 28.
Re3 Kh7 29. Rd3 Rbe8 30. Rd5 Nd8 31. Qd2 Ne6 32. Qd3 Nc5 33. Qxb5 Rb8 34. Qc6
Bd7 35. Qxc7 Rxd5 36. exd5 Rb7 37. Qa5 Rxb2 38. Bb1 Qe8 39. c4 Qe3+ 40. Kh2 h4
41. Nh5 Qh3+ 0-1

[Event "July Lviv Tradition (IM-group)"]
[Site "Lviv"]
[Date "2015.07.30"]
[Round "6.5"]
[White "Doluhanova, Evgeniya"]
[Black "Musiaka, Viktor"]
[Result "1-0"]
[WhiteElo "2244"]
[BlackElo "1938"]
[PlyCount "55"]
[EventDate "2015.07.27"]

1. e4 d6 2. d4 Nf6 3. Nc3 c6 4. Bd3 g6 5. Nf3 Bg7 6. h3 O-O 7. Be3 Nbd7 8. Ne2
c5 9. c3 c4 10. Bc2 Qc7 11. O-O b6 12. Ng3 Re8 13. Qd2 e5 14. Bh6 Bb7 15. Bxg7
Kxg7 16. d5 Ng8 17. Nh4 Nf8 18. Ba4 Red8 19. f4 b5 20. Bd1 Bc8 21. Bg4 f6 22.
fxe5 dxe5 23. Bxc8 Raxc8 24. a4 b4 25. cxb4 c3 26. bxc3 Qxc3 27. Qf2 Qxb4 28.
Qxa7+ 1-0

[Event "July Lviv Tradition (IM-group)"]
[Site "Lviv"]
[Date "2015.07.30"]
[Round "7.1"]
[White "Musiaka, Viktor"]
[Black "Bebel, Arkadiusz"]
[Result "0-1"]
[WhiteElo "1938"]
[BlackElo "2307"]
[PlyCount "148"]
[EventDate "2015.07.27"]

1. e4 c5 2. Nf3 e6 3. d4 cxd4 4. Nxd4 Nf6 5. Nc3 d6 6. Bc4 Be7 7. Be3 O-O 8.
Qe2 a6 9. Bb3 Qc7 10. g4 Nc6 11. O-O-O Na5 12. Rhg1 Nxb3+ 13. axb3 b5 14. g5
Nd7 15. Qh5 g6 16. Qh6 Re8 17. Rg3 Bf8 18. Qh4 Bg7 19. Rh3 Nf8 20. Nde2 b4 21.
Na4 Rb8 22. Rf3 e5 23. Rf6 Be6 24. Kb1 Rec8 25. Rd2 Rb5 26. f4 exf4 27. Rxf4
Qe7 28. Rf1 h6 29. Qg3 Be5 30. Qg1 h5 31. h4 Qb7 32. Ng3 Bxg3 33. Qxg3 Qxe4 34.
Rf4 Qh1+ 35. Ka2 Bf5 36. Rff2 Re8 37. Rde2 Qc6 38. Rf4 d5 39. Qf2 Ne6 40. Rf3
Bg4 41. Rxf7 Bf5 42. Rxf5 gxf5 43. Qxf5 Ng7 44. Qd3 Qe6 45. Re1 Qe4 46. Qd2
Qxh4 47. Bf2 Qh3 48. Rxe8+ Nxe8 49. g6 Qg4 50. Qh6 Rb7 51. c3 Rg7 52. Bd4 Rxg6
53. Qh8+ Kf7 54. Qe5 Rg5 55. Qb8 bxc3 56. bxc3 h4 57. Nc5 Qf5 58. Ka3 h3 59.
Qb7+ Kg8 60. Qe7 Ng7 61. Nd7 Rg6 62. Qd8+ Kh7 63. Nf8+ Kh6 64. Nxg6 Kxg6 65.
Qh8 Ne6 66. Qg8+ Kh5 67. Qh8+ Kg4 68. Be5 Qf8+ 69. Qxf8 Nxf8 70. Kb4 Ne6 71.
Bh2 Kf3 72. Ka5 Kg2 73. Be5 d4 74. cxd4 Nxd4 0-1

[Event "July Lviv Tradition (IM-group)"]
[Site "Lviv"]
[Date "2015.07.30"]
[Round "7.2"]
[White "Odnorozhenko, Evgenyi"]
[Black "Doluhanova, Evgeniya"]
[Result "1/2-1/2"]
[WhiteElo "2300"]
[BlackElo "2244"]
[PlyCount "47"]
[EventDate "2015.07.27"]

1. d4 Nf6 2. c4 e6 3. Nc3 Bb4 4. e3 O-O 5. Nf3 b6 6. Bd3 Bb7 7. O-O Bxc3 8.
bxc3 d6 9. Ne1 Nbd7 10. f3 c5 11. e4 cxd4 12. cxd4 e5 13. d5 Rc8 14. Be3 Nc5
15. Be2 Ba6 16. Rc1 Nfd7 17. Nc2 Bb7 18. Nb4 Qe7 19. Nd3 Ba6 20. Nb4 Bb7 21.
Nd3 Ba6 22. Nb4 Bb7 23. Nd3 Ba6 24. Nb4 $11 1/2-1/2

[Event "July Lviv Tradition (IM-group)"]
[Site "Lviv"]
[Date "2015.07.30"]
[Round "7.3"]
[White "Mischuk, Dmitry"]
[Black "Adamowicz, Katarzyna"]
[Result "1/2-1/2"]
[WhiteElo "2337"]
[BlackElo "2158"]
[PlyCount "83"]
[EventDate "2015.07.27"]

1. Nf3 Nf6 2. c4 g6 3. Nc3 Bg7 4. g3 O-O 5. Bg2 d6 6. O-O e5 7. d4 Nc6 8. d5
Ne7 9. e4 a5 10. Ne1 Nd7 11. Nd3 f5 12. f3 b6 13. Be3 Nc5 14. b3 f4 15. Bf2 g5
16. a3 h5 17. Rb1 g4 18. b4 Nxd3 19. Qxd3 axb4 20. axb4 Ba6 21. Nb5 Ng6 22. Ra1
Qd7 23. Ra3 Bxb5 24. Rxa8 Rxa8 25. cxb5 Ra7 26. Qc4 Qd8 27. Qc3 Qg5 28. fxg4
hxg4 29. Ra1 Rxa1+ 30. Qxa1 Qd8 31. Qd1 Qg5 32. Qc1 Qd8 33. Bf1 Bh6 34. Be2 Kh7
35. Qd1 f3 36. Bf1 Qg5 37. Qc2 Qc1 38. Qc6 Qxc6 39. bxc6 Bd2 40. Ba6 Ne7 41. b5
Kg6 42. Bxb6 1/2-1/2

[Event "July Lviv Tradition (IM-group)"]
[Site "Lviv"]
[Date "2015.07.30"]
[Round "7.4"]
[White "Katashuk, V."]
[Black "Sabuk, Piotr"]
[Result "1/2-1/2"]
[WhiteElo "2201"]
[BlackElo "2340"]
[PlyCount "85"]
[EventDate "2015.07.27"]

1. e4 e5 2. Nf3 Nc6 3. d4 exd4 4. Nxd4 Nf6 5. Nxc6 bxc6 6. e5 Qe7 7. Qe2 Nd5 8.
h4 Bb7 9. c4 Qb4+ 10. Nd2 Nf4 11. Qg4 Ne6 12. Rh3 h5 13. Qd1 Qa5 14. Qb3 O-O-O
15. Re3 Bc5 16. Re4 Bd4 17. Qg3 d6 18. exd6 Rxd6 19. b4 Qxb4 20. Ba3 Bxf2+ 21.
Kxf2 Qxd2+ 22. Kg1 c5 23. Bc1 Qc2 24. Re2 Qxc4 25. Rf2 Qg4 26. Qxg4 hxg4 27.
Rxf7 Rxh4 28. Bc4 g3 29. Bxe6+ Rxe6 30. Bf4 Rxf4 31. Rxf4 Re2 32. Rf8+ Kd7 33.
Rf7+ Ke6 34. Rxc7 Rxg2+ 35. Kf1 Rf2+ 36. Kg1 Bf3 37. Rxg7 Rg2+ 38. Kf1 Kf6 39.
Rg8 Kf7 40. Rg5 Kf6 41. Rg8 Rf2+ 42. Kg1 Rg2+ 43. Kf1 $11 1/2-1/2

[Event "July Lviv Tradition (IM-group)"]
[Site "Lviv"]
[Date "2015.07.30"]
[Round "7.5"]
[White "Bondarets, Vadim"]
[Black "Petrova, Irina"]
[Result "1/2-1/2"]
[WhiteElo "2303"]
[BlackElo "2173"]
[PlyCount "81"]
[EventDate "2015.07.27"]

1. e4 e5 2. Bc4 Nc6 3. c3 Nf6 4. Qe2 Be7 5. Nf3 d6 6. h3 O-O 7. O-O h6 8. Bb3
Re8 9. d3 Bf8 10. Na3 Be6 11. Nc4 d5 12. exd5 Bxd5 13. Be3 Qd7 14. Rad1 Rad8
15. Bc1 Qc8 16. Ne3 Bxb3 17. axb3 Qe6 18. b4 Nd4 19. cxd4 exd4 20. Qc2 dxe3 21.
Bxe3 Nd5 22. Bc5 Qg6 23. Qc4 Re2 24. Rfe1 Rxe1+ 25. Rxe1 Bd6 26. Ne5 Bxe5 27.
Rxe5 c6 28. Bxa7 Qd6 29. d4 b6 30. b5 c5 31. Qe2 cxd4 32. Re8+ Rxe8 33. Qxe8+
Qf8 34. Qd7 Qc5 35. Qc6 Qxc6 36. bxc6 Kf8 37. c7 Nxc7 38. Bxb6 Ne6 39. Kf1 Ke7
40. Ke2 Kd6 41. g3 $11 1/2-1/2

[Event "July Lviv Tradition (IM-group)"]
[Site "Lviv"]
[Date "2015.07.31"]
[Round "8.1"]
[White "Bebel, Arkadiusz"]
[Black "Petrova, Irina"]
[Result "0-1"]
[WhiteElo "2307"]
[BlackElo "2173"]
[PlyCount "92"]
[EventDate "2015.07.27"]

1. e4 e5 2. Nc3 Nf6 3. g3 d5 4. exd5 Nxd5 5. Bg2 Nxc3 6. bxc3 Nc6 7. Ne2 Be6 8.
d3 Bd5 9. O-O Bxg2 10. Kxg2 Qd5+ 11. f3 Bc5 12. c4 Qd7 13. Rb1 h5 14. h3 f5 15.
Bg5 h4 16. g4 Qd6 17. Qe1 Qg6 18. Bd2 O-O-O 19. Bc3 Rdf8 20. Qd2 Rf7 21. Rbe1
Rhf8 22. Ng1 fxg4 23. fxg4 Rf2+ 24. Rxf2 Rxf2+ 25. Qxf2 Bxf2 26. Kxf2 Qf6+ 27.
Kg2 Nd4 28. Re4 c5 29. Bxd4 exd4 30. a3 Qd6 31. Re8+ Kd7 32. Rg8 Qe5 33. Rf8
Kc6 34. Rf5 Qg3+ 35. Kh1 Kb6 36. Rg5 Qf2 37. Rg6+ Ka5 38. Rxg7 Qxc2 39. Rxb7
Qxd3 40. Rb5+ Ka4 41. Rxc5 Qe4+ 42. Kh2 d3 43. Rf5 d2 44. Rf1 Qxc4 45. Rd1 Qc2
46. Ne2 Ka5 0-1

[Event "July Lviv Tradition (IM-group)"]
[Site "Lviv"]
[Date "2015.07.31"]
[Round "8.2"]
[White "Sabuk, Piotr"]
[Black "Bondarets, Vadim"]
[Result "1-0"]
[WhiteElo "2340"]
[BlackElo "2303"]
[PlyCount "139"]
[EventDate "2015.07.27"]

1. d4 Nf6 2. c4 d6 3. Nf3 Nbd7 4. Nc3 e5 5. g3 Be7 6. Bg2 O-O 7. O-O c6 8. Qc2
a6 9. Rd1 Qc7 10. b4 a5 11. b5 Re8 12. Bb2 exd4 13. Nxd4 Ne5 14. Na4 Bd7 15.
Rac1 Rad8 16. h3 h5 17. e4 Nh7 18. f4 Ng6 19. bxc6 bxc6 20. c5 dxc5 21. Nxc5
Bc8 22. e5 h4 23. Nd3 hxg3 24. Qxc6 Qa7 25. Qc7 Qa6 26. Rc6 Qb7 27. Qxb7 Bxb7
28. Rxg6 Bxg2 29. Rxg3 Be4 30. Nf2 Ba8 31. Nf5 Rxd1+ 32. Nxd1 g6 33. Nxe7+ Rxe7
34. Kf1 Rd7 35. Ke2 Kf8 36. Ra3 Ra7 37. Rc3 Be4 38. Rc8+ Ke7 39. Ne3 Ke6 40.
Bd4 Rb7 41. Re8+ Re7 42. Rb8 Rb7 43. Re8+ Re7 44. Rh8 f6 45. Ng4 fxe5 46. Bxe5
g5 47. Ke3 Bb1 48. a3 gxf4+ 49. Kxf4 Rf7+ 50. Ke3 Ng5 51. Bf4 Rf5 52. Ne5 Nf7
53. Re8+ Kd5 54. Nf3 Rf6 55. Ra8 Re6+ 56. Kf2 Ke4 57. Bg5 Rb6 58. Rxa5 Rb2+ 59.
Nd2+ Kd3 60. Rd5+ Kc2 61. Bf4 Ba2 62. Rd7 Rb6 63. Ra7 Kd3 64. a4 Rf6 65. Rd7+
Kc2 66. Ke3 Nh6 67. Rc7+ Kd1 68. Ne4 Nf5+ 69. Kf2 Rb6 70. Rc1# 1-0

[Event "July Lviv Tradition (IM-group)"]
[Site "Lviv"]
[Date "2015.07.31"]
[Round "8.3"]
[White "Adamowicz, Katarzyna"]
[Black "Katashuk, V."]
[Result "1-0"]
[WhiteElo "2158"]
[BlackElo "2201"]
[PlyCount "103"]
[EventDate "2015.07.27"]

1. e4 e5 2. Nf3 Nc6 3. Bb5 Nge7 4. c3 d5 5. Qe2 dxe4 6. Qxe4 a6 7. Ba4 b5 8.
Bb3 Bf5 9. Nxe5 Nxe5 10. Qxe5 Qd3 11. Na3 f6 12. Qe3 O-O-O 13. Bc2 Qd5 14. O-O
Nc6 15. Bb3 Qd3 16. Nc2 Bd6 17. Re1 Ne5 18. Qa7 Ng4 19. h3 h5 20. Ne3 Rde8 21.
Qxa6+ Kd7 22. a4 Ra8 23. Qb7 Nxe3 24. Rxe3 Rae8 25. Qxb5+ Qxb5 26. axb5 Bf4 27.
d4 Bxe3 28. Bxe3 Ra8 29. Rxa8 Rxa8 30. Bd5 Ra1+ 31. Kh2 g5 32. Kg3 Rb1 33. b4
h4+ 34. Kf3 Bc2 35. Bc6+ Kd6 36. d5 Bd1+ 37. Ke4 Bc2+ 38. Kd4 Rd1+ 39. Kc4 Bd3+
40. Kb3 Rb1+ 41. Ka2 Rd1 42. Bc5+ Ke5 43. d6 Bc4+ 44. Kb2 cxd6 45. Bd4+ Ke6 46.
b6 Ba6 47. b5 Bc8 48. b7 Bxb7 49. Bxb7 d5 50. Bc8+ Kd6 51. b6 Kc6 52. b7 1-0

[Event "July Lviv Tradition (IM-group)"]
[Site "Lviv"]
[Date "2015.07.31"]
[Round "8.4"]
[White "Doluhanova, Evgeniya"]
[Black "Mischuk, Dmitry"]
[Result "1/2-1/2"]
[WhiteElo "2244"]
[BlackElo "2337"]
[PlyCount "105"]
[EventDate "2015.07.27"]

1. e4 c5 2. Nf3 e6 3. d4 cxd4 4. Nxd4 Nc6 5. Nc3 a6 6. Nxc6 bxc6 7. Bd3 d5 8.
O-O Nf6 9. Bf4 Be7 10. Qf3 Bb7 11. Rad1 g6 12. Rfe1 O-O 13. e5 Nd7 14. Qg4 h5
15. Qg3 Bh4 16. Qh3 Kg7 17. Ne2 c5 18. c3 a5 19. Bb5 Be7 20. Ng3 h4 21. Ne4 Qb6
22. Bxd7 dxe4 23. Qe3 Rh8 24. Bg5 Bxg5 25. Qxg5 Qd8 26. Qe3 Qc7 27. Qf4 Kg8 28.
Rd6 Rf8 29. Qf6 Qd8 30. Bc6 Qxf6 31. exf6 Bxc6 32. Rxc6 Rh5 33. Rxe4 Rd5 34. h3
Rd1+ 35. Kh2 Rd2 36. Rxc5 Rxb2 37. Rxa5 Rxf2 38. Rxh4 Rxf6 39. c4 Rf2 40. Rg4
Rc2 41. h4 Rc8 42. h5 R2xc4 43. Rxc4 Rxc4 44. hxg6 fxg6 45. Ra7 Rc3 46. a4 e5
47. a5 e4 48. a6 Ra3 49. Kg1 Ra2 50. Kf1 e3 51. Ra8+ Kg7 52. a7 g5 53. Re8
1/2-1/2

[Event "July Lviv Tradition (IM-group)"]
[Site "Lviv"]
[Date "2015.07.31"]
[Round "8.5"]
[White "Musiaka, Viktor"]
[Black "Odnorozhenko, Evgenyi"]
[Result "0-1"]
[WhiteElo "1938"]
[BlackElo "2300"]
[PlyCount "78"]
[EventDate "2015.07.27"]

1. e4 e5 2. Nf3 Nc6 3. Bb5 a6 4. Ba4 d6 5. O-O Bd7 6. c3 Nge7 7. d4 Ng6 8. Be3
Be7 9. Nbd2 O-O 10. Bc2 exd4 11. Nxd4 Nxd4 12. cxd4 Bb5 13. Re1 Bg5 14. Qh5
Bxe3 15. Rxe3 Qf6 16. e5 dxe5 17. dxe5 Qb6 18. Ne4 Bd7 19. Ng5 h6 20. Nxf7 Nf4
21. Nxh6+ Qxh6 22. Qxh6 gxh6 23. f3 Be6 24. g3 Nd5 25. Ra3 Nb4 26. Be4 c6 27.
Re1 Rad8 28. Re2 b5 29. Kg2 Bxa2 30. g4 Bc4 31. Rf2 Rd4 32. Kg3 a5 33. Rxa5 Re8
34. h4 Rxe5 35. Kf4 Nd3+ 36. Ke3 Rdxe4+ 37. fxe4 Nxf2 38. Kxf2 Rxe4 39. Kg3 Be6
0-1

[Event "July Lviv Tradition (IM-group)"]
[Site "Lviv"]
[Date "2015.08.01"]
[Round "9.1"]
[White "Odnorozhenko, Evgenyi"]
[Black "Bebel, Arkadiusz"]
[Result "1/2-1/2"]
[WhiteElo "2300"]
[BlackElo "2307"]
[PlyCount "32"]
[EventDate "2015.07.27"]

1. d4 d6 2. c4 e5 3. dxe5 dxe5 4. Qxd8+ Kxd8 5. Nc3 c6 6. e4 f6 7. f4 Bd6 8. g3
Be6 9. Be3 Nd7 10. O-O-O Ke7 11. Nf3 Bc7 12. Be2 Bb6 13. Bd2 Bc7 14. Be3 Bb6
15. Bd2 Bc7 16. Be3 Bb6 $11 1/2-1/2

[Event "July Lviv Tradition (IM-group)"]
[Site "Lviv"]
[Date "2015.08.01"]
[Round "9.2"]
[White "Mischuk, Dmitry"]
[Black "Musiaka, Viktor"]
[Result "1-0"]
[WhiteElo "2337"]
[BlackElo "1938"]
[PlyCount "98"]
[EventDate "2015.07.27"]

1. e4 d6 2. d4 Nf6 3. Nc3 g6 4. Be3 Bg7 5. Qd2 Nbd7 6. Nf3 O-O 7. Bh6 c6 8.
Bxg7 Kxg7 9. e5 Ne8 10. Ne4 dxe5 11. dxe5 Qb6 12. c4 Nc7 13. Qc3 Ne6 14. h4 h6
15. h5 g5 16. Ng3 Rh8 17. O-O-O a5 18. Kb1 Ndc5 19. Bd3 Bd7 20. Nf5+ Kf8 21.
Bc2 Qb4 22. Qxb4 axb4 23. g3 Ng7 24. Ne3 Ke8 25. b3 Rd8 26. Kb2 Bc8 27. a3 Rxd1
28. Rxd1 bxa3+ 29. Kxa3 Nxh5 30. Rh1 g4 31. Nh2 Rg8 32. b4 Na6 33. Bd1 f5 34.
Nhxg4 Nxg3 35. fxg3 fxg4 36. Rxh6 Kf7 37. c5 Be6 38. Rxe6 Kxe6 39. Bb3+ Kxe5
40. Bxg8 Ke4 41. Nxg4 Kf3 42. Nh6 Kxg3 43. Nf5+ Kf4 44. Nxe7 Ke5 45. Kb3 Nc7
46. Ka4 Kd4 47. Kb3 Na6 48. Nf5+ Ke5 49. Bc4 Nb8 {Black Time Zero} 1-0

[Event "July Lviv Tradition (IM-group)"]
[Site "Lviv"]
[Date "2015.08.01"]
[Round "9.3"]
[White "Katashuk, V."]
[Black "Doluhanova, Evgeniya"]
[Result "1/2-1/2"]
[WhiteElo "2201"]
[BlackElo "2244"]
[PlyCount "145"]
[EventDate "2015.07.27"]

1. e4 c5 2. Nc3 Nc6 3. Bb5 g6 4. Bxc6 dxc6 5. d3 Bg7 6. Be3 b6 7. Qd2 Nf6 8. h3
Qc7 9. Nf3 e5 10. O-O O-O 11. Bh6 Nh5 12. Bxg7 Kxg7 13. Ne2 f6 14. Qc3 Kg8 15.
a4 Be6 16. a5 Qd6 17. axb6 axb6 18. b3 b5 19. Kh2 Ng7 20. g4 Rxa1 21. Rxa1 h5
22. Kg3 hxg4 23. hxg4 b4 24. Qd2 Qd7 25. Nh2 f5 26. f3 f4+ 27. Kg2 Ne8 28. Qe1
Nf6 29. Qg1 Qe7 30. Ra5 Nd7 31. Qa1 Kf7 32. Ra8 Qd6 33. Rxf8+ Nxf8 34. Qa7+ Qe7
35. Qb8 Bd7 36. Nf1 Qe8 37. Qc7 Qe7 38. Nd2 Be8 39. Qb8 Nd7 40. Qc8 Nb6 41. Qa6
Qc7 42. Qa5 Nd5 43. Qxc5 Ne3+ 44. Kg1 Qe7 45. Qxe7+ Kxe7 46. Nc4 Nxc2 47. Nxe5
Kd6 48. Nc4+ Kc5 49. Nxf4 Kd4 50. Ne6+ Kc3 51. Nd6 Kxb3 52. Nxe8 Kc3 53. Nc5
Ne1 54. Nd6 Nxf3+ 55. Kf2 Ne5 56. Ke3 g5 57. Na4+ Kb3 58. d4 Nxg4+ 59. Kf3 Nh2+
60. Kg2 Ng4 61. Nb6 Kc3 62. Kg3 Ne3 63. e5 b3 64. e6 b2 65. Na4+ Kxd4 66. Nxb2
Nd5 67. Nf7 c5 68. Kg4 Nc7 69. e7 Nd5 70. e8=N c4 71. Ned6 c3 72. Nb5+ Kc5 73.
Nxc3 $11 1/2-1/2

[Event "July Lviv Tradition (IM-group)"]
[Site "Lviv"]
[Date "2015.08.01"]
[Round "9.4"]
[White "Bondarets, Vadim"]
[Black "Adamowicz, Katarzyna"]
[Result "1/2-1/2"]
[WhiteElo "2303"]
[BlackElo "2158"]
[PlyCount "96"]
[EventDate "2015.07.27"]

1. Nf3 Nf6 2. c4 g6 3. d4 Bg7 4. g3 O-O 5. Bg2 d6 6. O-O Nbd7 7. Nc3 e5 8. e4
a5 9. h3 h6 10. Be3 b6 11. Qc2 Bb7 12. Rad1 exd4 13. Nxd4 Nc5 14. e5 Nh7 15.
exd6 Bxg2 16. dxc7 Qxc7 17. Kxg2 Qb7+ 18. f3 f5 19. Ndb5 Nf6 20. Rd6 Rad8 21.
Rfd1 Qe7 22. Qf2 Rxd6 23. Rxd6 f4 24. Bxf4 g5 25. Qe3 Qf7 26. Be5 Qxc4 27. Rxb6
Ncd7 28. Bxf6 Bxf6 29. Qe6+ Qxe6 30. Rxe6 Rb8 31. Re2 Ne5 32. Ne4 Bg7 33. Nbc3
Rf8 34. Nc5 Nxf3 35. Ne6 Nd4 36. Nxf8 Nxe2 37. Nxe2 Kxf8 38. b3 Ke7 39. Kf3 Kd6
40. Ke4 Kc5 41. Kd3 Kb4 42. Kc2 Ka3 43. Kb1 Kb4 44. g4 Be5 45. Kc2 Ka3 46. Kb1
Kb4 47. Kc2 Ka3 48. Kb1 Kb4 $11 1/2-1/2

[Event "July Lviv Tradition (IM-group)"]
[Site "Lviv"]
[Date "2015.08.01"]
[Round "9.5"]
[White "Petrova, Irina"]
[Black "Sabuk, Piotr"]
[Result "1/2-1/2"]
[WhiteElo "2173"]
[BlackElo "2340"]
[PlyCount "81"]
[EventDate "2015.07.27"]

1. d4 d5 2. c4 e6 3. Nc3 Be7 4. Nf3 Nf6 5. Bg5 h6 6. Bh4 O-O 7. e3 Ne4 8. Bxe7
Qxe7 9. Rc1 c6 10. Bd3 Nxc3 11. Rxc3 dxc4 12. Bxc4 Nd7 13. O-O b6 14. Bd3 c5
15. Be4 Rb8 16. Qa4 Nf6 17. Bc6 cxd4 18. exd4 a5 19. Re1 Bb7 20. Ne5 Bxc6 21.
Qxc6 Nd5 22. Ng6 Qb4 23. Nxf8 Nxc3 24. bxc3 Qxf8 25. g3 Rc8 26. Qxb6 Qa3 27.
Rxe6 Qxa2 28. Re5 a4 29. Ra5 Rxc3 30. Qb5 Qc4 31. Ra8+ Kh7 32. Qxc4 Rxc4 33. d5
Rd4 34. d6 Rxd6 35. Rxa4 g5 36. h4 Kg6 37. hxg5 hxg5 38. g4 f5 39. gxf5+ Kxf5
40. Kg2 Rd3 41. Ra5+ $11 1/2-1/2